Saltar al contenido
Inicio
Centros participantes
Catálogo
Servicios
Contacto
Prijava
English
Deutsch
Español
Français
Italiano
日本語
Nederlands
Português
Português (Brasil)
中文(简体)
中文(繁體)
Türkçe
עברית
Gaeilge
Cymraeg
Ελληνικά
Català
Euskara
Русский
Čeština
Suomi
Svenska
polski
Dansk
slovenščina
اللغة العربية
বাংলা
Galego
Tiếng Việt
Hrvatski
हिंदी
Հայերէն
Українська
Sámegiella
Jezik
Vsa polja
Naslov
Avtor
Tema
Signatura
ISBN/ISSN
Oznaka
Išči
Napredno
Conflicto y Paz: el proceso ne...
Citiraj
Pošljite email
Natisni
Izvozi zadetek
Izvozi v RefWorks
Izvozi v EndNoteWeb
Izvozi v EndNote
Dodaj v priljubljene
Enlace Permanente
Agregar primera valuación
Conflicto y Paz: el proceso negociador centroamericano
Shranjeno v:
Bibliografske podrobnosti
Glavni avtor:
Tinoco, Victor Hugo
Format:
Texto
Izdano:
México, D.F.:
Meztiza
Oznake:
Označite
Brez oznak, prvi označite!
Zaloga
Opis
Komentarji
Podobne knjige/članki
Knjižničarski pogled
MARC
LEADER
00000 a a2200000 04500
001
25404
003
040
|a
CRAI/IIS
|c
CRAI/IIS
020
|a
968 6390-06-5
090
|a
181700
100
|a
Tinoco, Victor Hugo
245
|a
Conflicto y Paz: el proceso negociador centroamericano
260
|a
México, D.F.:
|b
Meztiza
300
|a
182 p
999
|c
16925
|d
16925
Podobne knjige/članki
El Apoyo a las iniciativas empresarias de los pobres: experiencias en el Istmo y la República Dominicana /
Política Sociedad y Crisis
La formación de nuevas naciones: sus problemas políticos y sociales
od: Pennock, J. Rolanck
Estudios de Psicología Dialéctica
od: Ruda, Jorge
Aporte de las mujeres a la sobrevivencia de los sectores más pobres de Golfito /
od: Acosta Niell, Marisa